000 00958naa a22002897u 4500
001 05533
003 HDC
007 cr bn ---aaaaa
008 210120s xx a b 001 0 eng
040 _aHDC
100 _aSmith, Stephen B.,
_eauthor
_93843
245 0 _aAnalysis of Rendered Fats /
_cby Stephen B. Smith and Dana R. Smith
260 _a[No Place] :
_b[publisher not identified],
_c[no year]
300 _a5 pages
336 _atext
_2rdacontent
337 _acomputer
_2rdamedia
338 _aonline resource
_2rdacarrier
500 _aOriginal from book
650 _aAnimal by-product
_95793
650 _aAnimal
_91922
650 _aEdible animal
_95792
700 _aSmith, Dana R.,
_eauthor
_95795
856 _zRequest full-text at [email protected]
942 _2lcc
942 _cCHAP
942 _kEBCH 002810
999 _c2857
_d2857